| 000 | 01096nac a22002771i 4500 | ||
|---|---|---|---|
| 003 | EG-ScBUE | ||
| 005 | 20260309095141.0 | ||
| 008 | 260228s2004 nyua f b 001 0 eng d | ||
| 020 | _a0521525861 (pbk.) | ||
| 020 | _a9780521525862 | ||
| 040 |
_aEG-ScBUE _beng _erda _cEG-ScBUE _dEG-ScBUE |
||
| 082 | 0 | 4 |
_a570.15118 _bALL _222 |
| 100 | 1 |
_aAllman, Elizabeth Spencer, _d1965- _eauthor. |
|
| 245 | 1 | 0 |
_aMathematical models in biology : _ban introduction / _cElizabeth S. Allman, Department of Mathematics and Statistics, University of Southern Maine, John A. Rhodes, Department of Mathematics, Bates College. |
| 250 | _aFirst published. | ||
| 264 | 1 |
_aNew York : _bCambridge University Press, _c2004. |
|
| 300 |
_axiii, 370 pages : _billustrations ; _c24 cm |
||
| 336 |
_2rdacontent _atext _btxt |
||
| 337 |
_aunmediated _2rdamedia _bn |
||
| 338 |
_avolume _bnc _2rdacarrier |
||
| 504 | _aIncludes bibliographical references and index. | ||
| 650 | 7 |
_aBiology _xMathematical models. _2BUEsh |
|
| 655 | _vReading book | ||
| 700 | 1 |
_aRhodes, John A. _q(John Anthony), _d1960- _eauthor. |
|
| 942 |
_cBB _2ddc |
||
| 999 |
_c1294 _d1294 |
||